Statistiques concernant Géographie de l'Amérique du Sud

Cliquez ici pour prendre le quiz!

Statistiques générales

  • Ce quiz a été pris 180 fois
  • Le résultat moyen est 12 sur 15

Statistiques - réponses

IndiceRéponse% Correct
Pays le plus peuplé du continentBrésil
99%
Langue officielle du pays ci-hautPortugais
97%
Chaîne de montagne dominant l'ouest du continentCordillère des Andes
96%
Pays reconnu par son extrêmement longue côte classant 19ième dans cette catégorieChili
96%
Ville du Brésil qui a accueilli la coupe du monde de football en 2014Rio de Janerio
93%
Pays contrôlé par Hugo ChavezVenezuela
91%
Un des seul pays au monde ayant deux capitalesBolivie
91%
Seul pays d'Amérique du Sud ayant comme langue officielle le néerlandaisSuriname
89%
Deuxième plus long fleuve du mondeAmazone
89%
Lac ayant le titre du ''Lac le plus haut'' avec une altitude de 3812 mètres et est situé à la frontière du Pérou et de la BolivieLac Titicaca
83%
îles où Darwin commença sa théorie de l'évolutionîles Galapagos
56%
îles contrôlées par le Royaume-Uni se retrouvant à l'est de l'Argentineîles Malouines
54%
Deuxième ville la plus peuplée de la Colombie,c'est où Pablo Escobar fonda sa cartelMedellin
51%
Région disputée entre le Chili et l'ArgentinePatagonie
49%
Plus haute montagne de cette chaîne ainsi que la plus grande montagne en Amérique du SudAconcagua
32%

Distribution des résultats

Percentile par nombre de réponses

% des personnes avec chaque résultat

Votre développement - résultats

Vous n’avez pas pris ce quiz